000 00453cam a2200181ua 4500
001 12094
008 200218n ii |||gr||||Z||||||eng
020 _a8124600791
040 _cMAIN
082 _a934
100 _aSures Chandra Banerji,
_eAuthor.
245 _aSociety in ancient india
_cBy Sures Chandra Banerji
250 _a3rd imp.
260 _aNew Delhi:
_bD K printworld,
_c2007.
300 _a423p.
653 _aIndia to 647
942 _cBK
999 _c10866
_d10866